000 00377nam a2200145Ia 4500
008 240624s9999 xx 000 0 und d
041 _aeng
082 _a330 TRU
100 _aTRUETT LILA J
245 _aMANAGERIAL ECONOMICS ANALYSIS PROBLEM CA
250 _a(8th ed.)
260 _c2014
_aNew Delhi
_bWiley India
300 _axxvi, : 742 : p. : cm. ; 25
365 _cRS
_b33
999 _c25506
_d25506